000 00682nam a2200253Ia 4500
003 OSt
005 20220924122126.0
006 a|||||r|||| 00| 0
007 ta
008 220923b |||||||| |||| 00| 0 urd d
020 _c6
024 _a321163
037 _cTextual
040 _aARTS
_cARTS
_burd
041 _2urd
_aurd
082 _aQ7, 168J5
100 _aNadvi Raees Ahmad Jafari Au.
_9188415
245 0 _aIslam aur rawadari
260 _aLahore
_bIdarah-e-saqafat-e-Islamia Pakistan
_c1955
300 _a432p.
_ccm.
650 _aISLAM
_9577
942 _hQ7, 168J5
_cTEXL
_2CC
999 _c410387
_d410387